NFL PlayOffs 2026 - Statistics

General Stats
  • This quiz has been taken 539 times
  • The average score is 13 of 14
Answer Stats
Con. # Answer % Correct
AFC 2 New England Patriots
98%
AFC 1 Denver Broncos
97%
NFC 1 Seattle Seahawks
97%
AFC 6 Buffalo Bills
96%
NFC 5 Los Angeles Rams
96%
NFC 2 Chicago Bears
93%
AFC 4 Pittsburgh Steelers
93%
NFC 7 Green Bay Packers
92%
AFC 5 Houston Texans
92%
NFC 3 Philadelphia Eagles
92%
NFC 6 San Francisco 49ers
92%
NFC 4 Carolina Panthers
91%
AFC 7 Los Angeles Chargers
91%
AFC 3 Jacksonville Jaguars
90%
No matching quizzes found
Score Distribution
Percent of People with Each Score
Percentile by Number Answered
Your Score History
You have not taken this quiz